000 00777nam a2200217Ii 4500
003 JO-AjNU
008 230605s9999||||xx |||||||||||||| ||und||
017 _a2008/5/1376
020 _a978-9957-12-201-0
040 _aJO-AjNU
_bara
_erda
_cJO-AjNU
041 _aara
050 1 4 _aHF5415.13.Z8 2008
100 3 _aالزعبي، علي فلاح,
_eauthor
_959262
245 0 0 _aإدارة التسويق: منظور تطبيقي استراتيجي
264 3 1 _aعمان: دار اليازوري للنشر والتوزيع، 2008
300 _a439ص
_bيحتوي على مراجع ومصادر من ص435- 439
336 _atext
_btxt
_2rdacontent
337 _aunmediated
_bn
_2rdamedia
338 _avolume
_bnc
_2rdacarrier
650 4 _aادارة التسويق
_959263
999 _aA26659
_c30227
_d30227